000 00238nam a2200085Ia 4500
008 220204s9999 xx 000 0 und d
245 0 _aRubber maasika, January-December 2008 (Malayalam)
260 _aKottayam
_bRubber Board
_c2008
942 _cBK
999 _c44341
_d44341